header

Mark Twain in the margins : (Record no. 105967)

MARC details
000 -LEADER
fixed length control field 02125nam a2200433 i 4500
001 - CONTROL NUMBER
control field ebr10866721
003 - CONTROL NUMBER IDENTIFIER
control field CaPaEBR
006 - FIXED-LENGTH DATA ELEMENTS--ADDITIONAL MATERIAL CHARACTERISTICS--GENERAL INFORMATION
fixed length control field m o d
007 - PHYSICAL DESCRIPTION FIXED FIELD--GENERAL INFORMATION
fixed length control field cr cn|||||||||
008 - FIXED-LENGTH DATA ELEMENTS--GENERAL INFORMATION
fixed length control field 140516t20002000aluao ob 001 0 eng d
020 ## - INTERNATIONAL STANDARD BOOK NUMBER
Cancelled/invalid ISBN 9780817354732
International Standard Book Number 9780817380199 (e-book)
040 ## - CATALOGING SOURCE
Original cataloging agency CaPaEBR
Language of cataloging eng
Description conventions rda
-- pn
Transcribing agency CaPaEBR
035 ## - SYSTEM CONTROL NUMBER
System control number (OCoLC)606341092
050 14 - LIBRARY OF CONGRESS CALL NUMBER
Classification number PS1308
Item number .F85 2000eb
082 04 - DEWEY DECIMAL CLASSIFICATION NUMBER
Classification number 813.4
Edition number 21
100 1# - MAIN ENTRY--PERSONAL NAME
Personal name Fulton, Joe B.,
Dates associated with a name 1962-
Relator term author.
245 10 - TITLE STATEMENT
Title Mark Twain in the margins :
Remainder of title the Quarry Farm marginalia and A Connecticut Yankee in King Arthur's court /
Statement of responsibility, etc Joe B. Fulton.
264 #1 - PRODUCTION, PUBLICATION, DISTRIBUTION, MANUFACTURE, AND COPYRIGHT NOTICE
Place of production, publication, distribution, manufacture Tuscaloosa, Alabama :
Name of producer, publisher, distributor, manufacturer The University of Alabama Press,
Date of production, publication, distribution, manufacture, or copyright notice 2000.
Date of production, publication, distribution, manufacture, or copyright notice �2000
300 ## - PHYSICAL DESCRIPTION
Extent 1 online resource (224 pages) :
Other physical details illustrations, photograph.
336 ## - CONTENT TYPE
Content type term text
Source rdacontent
337 ## - MEDIA TYPE
Media type term computer
Source rdamedia
338 ## - CARRIER TYPE
Carrier type term online resource
Source rdacarrier
490 1# - SERIES STATEMENT
Series statement Studies in American Literary Realism and Naturalism
504 ## - BIBLIOGRAPHY, ETC. NOTE
Bibliography, etc Includes bibliographical references and index.
588 ## - SOURCE OF DESCRIPTION NOTE
Source of description note Description based on print version record.
590 ## - LOCAL NOTE (RLIN)
Local note Electronic reproduction. Palo Alto, Calif. : ebrary, 2014. Available via World Wide Web. Access may be limited to ebrary affiliated libraries.
600 10 - SUBJECT ADDED ENTRY--PERSONAL NAME
Personal name Twain, Mark,
Dates associated with a name 1835-1910.
Title of a work Connecticut Yankee in King Arthur's court
General subdivision Criticism, Textual.
Personal name Twain, Mark,
Dates associated with a name 1835-1910
General subdivision Books and reading.
Personal name Twain, Mark,
Dates associated with a name 1835-1910
General subdivision Technique.
650 #0 - SUBJECT ADDED ENTRY--TOPICAL TERM
Topical term or geographic name as entry element Realism in literature.
Topical term or geographic name as entry element Fiction
General subdivision Technique.
655 #0 - INDEX TERM--GENRE/FORM
Genre/form data or focus term Electronic books.
776 08 - ADDITIONAL PHYSICAL FORM ENTRY
Display text Print version:
Main entry heading Fulton, Joe B., 1962-
Title Mark Twain in the margins : the Quarry Farm marginalia and A Connecticut Yankee in King Arthur's court.
Place, publisher, and date of publication Tuscaloosa, Alabama : The University of Alabama Press, c2000
Physical description xvi, 205 pages
Series data for related item Studies in American Literary Realism and Naturalism
International Standard Book Number 9780817354732
Record control number 99050647
797 2# - LOCAL ADDED ENTRY--CORPORATE NAME (RLIN)
Corporate name or jurisdiction name as entry element ebrary.
830 #0 - SERIES ADDED ENTRY--UNIFORM TITLE
Uniform title Studies in American literary realism and naturalism.
856 40 - ELECTRONIC LOCATION AND ACCESS
Uniform Resource Identifier <a href="http://site.ebrary.com/lib/rucke/Doc?id=10866721">http://site.ebrary.com/lib/rucke/Doc?id=10866721</a>
Public note An electronic book accessible through the World Wide Web; click to view

No items available.

© 2026 Rongo University
Contact us: librarian | system librarian | Rongo university